| 000 | 00605nas a2200229Ia 4500 | ||
|---|---|---|---|
| 001 | A50/R191-48260 | ||
| 003 | IT-MiCISF | ||
| 005 | 20230320150212.0 | ||
| 008 | 161014c99999999xx |||||||||||| ||und|| | ||
| 040 |
_aIT-MiCISF _cIT-MiCISF |
||
| 041 | _ait | ||
| 100 |
_aCamillotti Ubaldo, Saggin Giuliana _959750 |
||
| 245 | 0 | _aI centomila miracoli del Cav | |
| 250 | _a"Sì alla vita", n. 1, gennaio | ||
| 260 | _c2010 | ||
| 300 | _app. 36-41 | ||
| 500 | _a aborto, prevenzione, volontariato, associazioni | ||
| 650 |
_aAborto _956077 |
||
| 654 | _aarticolo | ||
| 942 |
_cCR _2ddc |
||
| 999 |
_c225461 _d225461 |
||
| 999 | _bSi | ||